| 000 | 02006cas a22005057i 4500 | ||
|---|---|---|---|
| 999 |
_c534017 _d534017 |
||
| 001 | 17683947 | ||
| 003 | NUST | ||
| 005 | 20200128135506.0 | ||
| 008 | 130403d20122012nyumr p 0 a0eng | ||
| 010 | _a 2013201870 | ||
| 022 | 0 |
_a2327-8854 _21 |
|
| 035 | _a(OCoLC)ocn835145051 | ||
| 037 | _bMarvel Entertainment, LLC, Office of Publication, 135 West 50th St., New York, NY 10020 | ||
| 038 | _aMSOHAIL | ||
| 040 |
_aDLC _beng _erda _cDLC _dOCLCQ _dDLC _dOCLCF _dOCLCO _dOCL |
||
| 042 |
_ansdp _apcc |
||
| 050 | 0 | 0 | _aComic Book 11607 |
| 082 | 0 | 0 |
_a823.7 _223 |
| 130 | 0 |
_aNorthanger Abbey (New York, N.Y.) _928117 |
|
| 222 | 0 | _aNorthanger Abbey | |
| 245 | 1 | 0 | _aNorthanger Abbey. |
| 246 | 1 | 4 | _aJane Austin's Northanger Abbey |
| 264 | 1 |
_aNew York, NY : _bMarvel Worldwide, Inc., _c2006- |
|
| 300 |
_a283 numbers : _bcolor illustrations ; _c26 cm |
||
| 310 | _aMonthly | ||
| 336 |
_atext _btxt _2rdacontent |
||
| 337 |
_aunmediated _bn _2rdamedia |
||
| 338 |
_avolume _bnc _2rdacarrier |
||
| 362 | 1 | _aBegan with no. 1 (Jan. 2012); ceased with no. 5 (May 2012). | |
| 500 | _a"Limited Series 1 of 5." | ||
| 588 | _aDescription based on surrogate of: No. 1 (January 2012); title from indicia. | ||
| 588 | _aLatest issue consulted: No. 4 (April 2012). | ||
| 648 | 7 |
_a1800-1899 _2fast _98225 |
|
| 650 | 0 |
_aYoung women _vComic books, strips, etc. _928118 |
|
| 650 | 7 |
_aManners and customs. _2fast _0(OCoLC)fst01007815 _911348 |
|
| 650 | 7 |
_aYoung women. _2fast _0(OCoLC)fst01183301 _911349 |
|
| 651 | 0 |
_aEngland _xSocial life and customs _y19th century _vComic books, strips, etc. _928119 |
|
| 651 | 7 |
_aEngland. _2fast _0(OCoLC)fst01219920 _928120 |
|
| 655 | 7 |
_aComics (Graphic works) _2fast _0(OCoLC)fst01921613 _928121 |
|
| 655 | 7 |
_aComics (Graphic works) _2lcgft _928121 |
|
| 655 | 7 |
_aComic books, strips, etc. _2fast _0(OCoLC)fst01423722 _928122 |
|
| 906 |
_a7 _bcbc _cserials _d2 _encip _f20 _gn-oclcserc |
||
| 942 |
_2ddc _cBK |
||